Gaming Quiz

Random Gaming Quiz

Left 4 Dead zombies Quiz Stats

 Plays Quiz not verified by Sporcle

Also try: Zelda Games
Challenge
Share
Tweet
Embed
Score 0/18 Timer 01:00
0 Plays Today
% Correct
Tank
95.8%
Boomer
90.1%
Witch
85.2%
Hunter
84.5%
Smoker
82.4%
Spitter
72.5%
Jockey
69.7%
Charger
69.7%
Zoey
52.1%
% Correct
Bill
50.7%
Francis
44.4%
Louis
43.7%
Coach
42.3%
Ellis
40.1%
Nick
35.2%
Rochelle
33.8%
Horde
28.2%
Fallen Survivor
19%

You're not logged in!

Compare scores with friends on all Sporcle quizzes.
Join for Free
OR
Log In

You Might Also Like...

Show Comments

Extras

Top Quizzes Today


Score Distribution

Your Account Isn't Verified!

In order to create a playlist on Sporcle, you need to verify the email address you used during registration. Go to your Sporcle Settings to finish the process.

Report this User

Report this user for behavior that violates our Community Guidelines.

Details: